Statistics for Countries that hosted Summer Olympics, Winter Olympics and FIFA World Cups (men)

Click here to take the quiz!

General Stats

  • This quiz has been taken 2,260 times
    (1,787 since last reset)
  • The average score is 6 of 7

Answer Stats

Answer% Correct
USA
94%
France
89%
(West) Germany
87%
Italy
81%
Japan
81%
Russia
81%
South Korea
62%

Score Distribution

Percentile by Number Answered

Percent of People with Each Score

Your Score History

You have not taken this quiz since the last reset